Score 0/22 Timer 04:00
0 Plays Today
Lyrics Missing Word % Correct
What you gon' do with all that junk? All that junk inside your ____?trunk
96.4%
Shorty had them ____ bottom jeans, boots with the fur. The whole club lookin' at her.apple
80.9%
My baby don't mess around because she loves me so and this I know for sure. But does she really wanna, but can't stand to see me walk out the ____?door
80.9%
Here's the thing. We started out friends. It was cool, but it was all ____.pretend
67.8%
Where I come from isn't all that great. My automobile is a piece of ____. My fashion sense is a little whack and my friends are just as screwy as me.crap
66.4%
His palms are sweaty. Knees weak, arms are heavy. There's vomit on his sweater already - Mom's ____.spaghetti
63.8%
You're on the phone with your girlfriend. She's upset. She's going off about something that you said, 'cause she doesn't get your ____ like I do.humor
58.7%
Never made it as a wise man. I couldn't cut it as a poor man ____.stealing
56.2%
Chill out. Whatcha ____ for? Lay back. It's all been done before.yelling
53.1%
This is 10% luck, 20% skill, 15% concentrated ____ of will, 5% pleasure, 50% pain.power
49.4%
My life is brilliant. My love is pure. I saw an angel. Of that I'm sure. She smiled at me on the ____. She was with another man.subway
47.7%
Lyrics Missing Word % Correct
You have my heart and we'll never be worlds apart. Maybe in ____, but you'll still be my star.magazines
39.2%
I fly like paper, get high like planes. If you catch me at the border, I got ____ in my name.visas
33%
I'm happy. I'm feelin' glad. I got sunshine in a bag. I'm ____, but not for long. The future is coming on.useless
31.2%
Would you dance if I asked you to dance? Would you ____ and never look back?run
29.2%
Where is the moment we needed the most? You kick up the ____ and the magic is lost.leaves
28%
I backed my car into a ____ car the other day. Well he just drove off; sometimes life's okay.cop
24.8%
Let me tell y'all what it's like being male, middle class, and ____.white
23.6%
Wake up! Grab a brush and put on a little makeup. Hide the scars to fade away the shakeup. Why'd you leave the ____ upon the table?keys
18.5%
She was driving last Friday on the way to ____ on a snow white Christmas Eve. Going home to see her Mama and her Daddy with her baby in the backseat.Cincinnati
14.1%
Now I'm not trying to be rude, but hey, pretty girl, I'm feelin' you. The way you do the things you do reminds me of my ____ coupe.Lexus
13.3%
____, where you from? How's it going? I know you. Got a clue what you're doing. You can play brand new to all the other chicks out here but I know what you are.Superstar
7.2%

Today's Daily Dose

Remove Ads.
Support Sporcle.
Get the best of Sporcle when you Go Orange. This ad-free experience offers more features, more stats, and more fun while also helping to support Sporcle. Thank you for becoming a member.

You're not logged in!

Compare scores with friends on all Sporcle quizzes.
OR
Log In

Show Comments

Extras

Top Quizzes Today


Score Distribution

Your Account Isn't Verified!

In order to create a playlist on Sporcle, you need to verify the email address you used during registration. Go to your Sporcle Settings to finish the process.

Report this User

Report this user for behavior that violates our Community Guidelines.

Details: